Statystyki dla Wszystkie Miasta i Kurorty w grze Business Tour

Kliknij tutaj aby rozwiązać quiz!

Ogólne statystyki

  • Ten quiz został rozwiązany 196 razy
  • Średni wynik to 16 z 24

Statystyki odpowiedzi

Miasto/KurortOdpowiedź% Poprawnych
MiastoWarszawa
96%
MiastoKraków
91%
MiastoBerlin
90%
MiastoParyż
86%
MiastoMadryt
84%
MiastoRzym
84%
MiastoLondyn
82%
MiastoHamburg
75%
MiastoLyon
72%
MiastoMediolan
68%
MiastoChicago
63%
MiastoSydney
63%
KurortBali
62%
MiastoNowy Jork
62%
MiastoPekin
59%
MiastoSewilla
57%
MiastoSzanghaj
56%
MiastoGrenada
53%
MiastoLas Vegas
50%
MiastoWenecja
50%
MiastoHongkong
48%
KurortNicea
47%
KurortDubaj
42%
KurortCypr
37%

Rozkład punktacji

Percentyl według liczby udzielonych odpowiedzi

Procent ludzi z każdym wynikiem

Twoja historia wyników

Nie rozwiązałeś tego quizu